Statistics for Guess the song's lyrics

Click here to take the quiz!

General Stats

  • This quiz has been taken 190 times
  • The average score is 114 of 262

Answer Stats

Answer% Correct
I
98%
a
97%
the
92%
you,
91%
you
91%
You
91%
me?
83%
me
83%
be
77%
And
76%
and
76%
to
76%
When
73%
in
72%
It
69%
it
69%
are
66%
is
66%
no
65%
so,
63%
so
63%
My
60%
my
60%
then
55%
will
55%
know
53%
that
53%
That
53%
don't
52%
I'm
52%
Of
52%
of
52%
One
51%
one
51%
there
51%
but
49%
not
49%
if
47%
If
47%
All
45%
all
45%
with
45%
at
44%
At
44%
how
43%
as
41%
it's
41%
am
40%
say
40%
time
40%
day
37%
days
37%
feel
37%
night
34%
nights
34%
think
33%
now
32%
out
32%
Won't
31%
come
29%
them
28%
may
27%
Well
26%
well
26%
I've
25%
any
24%
there's
24%
Theres
24%
There's
24%
Yes
24%
doesn't
23%
tell
23%
right
22%
much
21%
name
21%
head
20%
nothing
20%
cold
19%
house
19%
mind
19%
seem
18%
try
18%
door
17%
body's
16%
call
16%
didnt
16%
light
15%
living
14%
rain
14%
dark
13%
find
13%
gets
13%
help
13%
little
12%
that's
12%
through
12%
care
11%
really
10%
somebody
10%
windows
10%
hard
9%
sometimes
9%
outside
8%
roof
8%
sound
8%
forget
7%
inside
7%
Falling
6%
wall
6%
nobody
5%
words
5%
running
4%
line
3%
quiet
3%
ready
3%
sounds
3%
alive
2%
bear
2%
became
2%
bell
2%
creeps
2%
cure
2%
figure
2%
point
2%
share
2%
calls
1%
learned
1%
lines,
1%
rejecting
1%
revealed
1%
sealed
1%
unreal
1%
unsure
1%
finally
0%
Overtaxed
0%
strained
0%
Whoever
0%

Score Distribution

Percentile by Number Answered

Percent of People with Each Score

Your Score History

You have not taken this quiz